|
|
|
|
| LEADER |
00931nam a2200253 a 4500 |
| 001 |
580194 |
| 008 |
091019s1991 mnua 001 0 eng d |
| 010 |
|
|
|a \\\90015568
|
| 020 |
|
|
|a 031479879X
|
| 040 |
|
|
|a DLC
|c DLC
|d DLC
|
| 082 |
0 |
0 |
|a 346.73/07
|a 347.3067
|2 20
|
| 100 |
1 |
|
|a Fisher, Bruce D.
|
| 245 |
1 |
0 |
|a Law for business /
|c Bruce D. Fisher, Marianne M. Jennings.
|
| 250 |
|
|
|a 2nd ed.
|
| 260 |
|
|
|a St. Paul :
|b West Pub. Co.,
|c c1991.
|
| 300 |
|
|
|a 1 v. (various pagings) :
|b col. ill. ;
|c 27 cm.
|
| 504 |
|
|
|a Includes index.
|
| 541 |
1 |
|
|e 00011075
|
| 650 |
|
0 |
|a Commercial law
|z United States.
|
| 700 |
1 |
|
|a Jennings, Marianne.
|
| 852 |
4 |
|
|a Ayesha Abed Library
|j General shelf
|
| 942 |
0 |
0 |
|0 1
|
| 999 |
|
|
|c 4725
|d 4725
|
| 952 |
|
|
|0 0
|1 0
|2 ddc
|4 0
|6 346_730700000000000_FIS_1991
|7 0
|9 4527
|a BRACUL
|b BRACUL
|c GEN
|d 2009-10-19
|g 0.00
|l 9
|m 73
|o 346.7307 FIS
|p 3010011075
|r 2025-04-15
|s 2025-02-10
|t 1
|w 2009-10-19
|y BK
|x No price found in the accession register.
|